Conservation laws for two-phase filtration models; Communications in Nonlinear Science and Numerical Simulation; Vol. 19, iss. 2

Detalhes bibliográficos
Parent link:Communications in Nonlinear Science and Numerical Simulation
Vol. 19, iss. 2.— 2014.— [P. 383-389]
Outros Autores: Baikov V. A. Vitaly, Ibragimov N. Kh. Nail, Zheltova I. S., Yakovlev A. A. Andrey Alexandrovich
Resumo:Title screen
The paper is devoted to investigation of group properties of a one-dimensional model of two-phase filtration in porous medium. Along with the general model, some of its particular cases widely used in oil-field development are discussed. The Buckley–Leverett model is considered in detail as a particular case of the one-dimensional filtration model. This model is constructed under the assumption that filtration is one-dimensional and horizontally directed, the porous medium is homogeneous and incompressible, the filtering fluids are also incompressible. The model of “chromatic fluid” filtration is also investigated. New conservation laws and particular solutions are constructed using symmetries and nonlinear self-adjointness of the system of equations.
Режим доступа: по договору с организацией-держателем ресурса
Idioma:inglês
Publicado em: 2014
Assuntos:
Acesso em linha:https://doi.org/10.1016/j.cnsns.2013.06.015
Formato: MixedMaterials Recurso Electrónico Capítulo de Livro
KOHA link:https://koha.lib.tpu.ru/cgi-bin/koha/opac-detail.pl?biblionumber=661582

MARC

LEADER 00000naa0a2200000 4500
001 661582
005 20250416142107.0
035 |a (RuTPU)RU\TPU\network\32222 
035 |a RU\TPU\network\22537 
090 |a 661582 
100 |a 20200115d2014 k||y0rusy50 ba 
101 0 |a eng 
102 |a NL 
135 |a drcn ---uucaa 
181 0 |a i  
182 0 |a b 
200 1 |a Conservation laws for two-phase filtration models  |f V. A. Baikov [et al.] 
203 |a Text  |c electronic 
300 |a Title screen 
320 |a [References: 6 tit.] 
330 |a The paper is devoted to investigation of group properties of a one-dimensional model of two-phase filtration in porous medium. Along with the general model, some of its particular cases widely used in oil-field development are discussed. The Buckley–Leverett model is considered in detail as a particular case of the one-dimensional filtration model. This model is constructed under the assumption that filtration is one-dimensional and horizontally directed, the porous medium is homogeneous and incompressible, the filtering fluids are also incompressible. The model of “chromatic fluid” filtration is also investigated. New conservation laws and particular solutions are constructed using symmetries and nonlinear self-adjointness of the system of equations. 
333 |a Режим доступа: по договору с организацией-держателем ресурса 
461 |t Communications in Nonlinear Science and Numerical Simulation 
463 |t Vol. 19, iss. 2  |v [P. 383-389]  |d 2014 
610 1 |a электронный ресурс 
610 1 |a труды учёных ТПУ 
610 1 |a lie group analysis of differential equations 
610 1 |a filtration equations 
610 1 |a two-phase filtration 
610 1 |a nonlinear self-adjointness 
610 1 |a symmetries 
610 1 |a conservation laws 
610 1 |a дифференциальные уравнения 
610 1 |a уравнения фильтрации 
610 1 |a двухфазная фильтрация 
610 1 |a самосопряженность 
610 1 |a симметрии 
610 1 |a законы сохранения 
701 1 |a Baikov  |b V. A.  |g Vitaly 
701 1 |a Ibragimov  |b N. Kh.  |g Nail 
701 1 |a Zheltova  |b I. S. 
701 1 |a Yakovlev  |b A. A.  |c specialist in the field of petroleum engineering  |c First Vice-Rector, Associate Professor of Tomsk Polytechnic University, Doctor of physical and mathematical sciences  |f 1981-  |g Andrey Alexandrovich  |3 (RuTPU)RU\TPU\pers\45819 
801 2 |a RU  |b 63413507  |c 20200115  |g RCR 
850 |a 63413507 
856 4 |u https://doi.org/10.1016/j.cnsns.2013.06.015 
942 |c CF